|
|
|
|
| LEADER |
00693nab a2200217 i 4500 |
| 001 |
misc67379 |
| 005 |
20220929123451.0 |
| 008 |
220203s1928 hu o 0|| bul d |
| 040 |
|
|
|a SZTE Miscellanea Repozitórium
|b hun
|
| 041 |
|
|
|a bul
|
| 100 |
1 |
|
|a Fehér Géza
|
| 245 |
1 |
0 |
|a Parvata poâva na prabalgarite v Makedoniâ
|h [elektronikus dokumentum] /
|c Fehér Géza
|
| 260 |
|
|
|c 1928
|
| 300 |
|
|
|a p. 89-97.
|c 23 cm
|
| 490 |
0 |
|
|a Makedonski pregled
|
| 561 |
|
|
|a Németh Gyula hagyaték
|
| 591 |
|
|
|a XKEK 2906
|
| 650 |
|
4 |
|a Bölcsészettudományok
|
| 650 |
|
4 |
|a Nyelvek és irodalom
|
| 695 |
|
|
|a Nyelvészet
|
| 856 |
4 |
0 |
|u http://misc.bibl.u-szeged.hu/67379/1/1579_noa_f33.pdf
|z Dokumentum-elérés
|